000 00637nam a22002417a 4500
003 BUBTL
008 240212b ||||| |||| 00| 0 eng d
020 _a
041 _aEnglish
082 _23rd ed.
_a346/ Si649m/ 1995
100 _aSinha, R. K.
_95677
245 _aThe Muslim Law :
_bR. K. Sinha
250 _a3rd ed.
260 _aAllahabad
_bCentral Law Agency
_cc1995
300 _a[xxii], 344p. :
_bill. ; 21 cm.
500 _aIncludes Index.
526 _aLaw
650 0 _92104
_aLaw
700 _95676
_aR. K. Sinha
856 _k0
_l0
_yDownload
942 _2ddc
_cBK
999 _c7215
_d7215